The Nature of Mathematical Modeling (Record no. 6417)

MARC details
000 -LEADER
fixed length control field 00529nam a22001937a 4500
003 - CONTROL NUMBER IDENTIFIER
control field OSt
005 - DATE AND TIME OF LATEST TRANSACTION
control field 20200108154620.0
008 - FIXED-LENGTH DATA ELEMENTS--GENERAL INFORMATION
fixed length control field 200108b ||||| |||| 00| 0 eng d
020 ## - INTERNATIONAL STANDARD BOOK NUMBER
International Standard Book Number 0521570956
040 ## - CATALOGING SOURCE
Transcribing agency DDC
082 ## - DEWEY DECIMAL CLASSIFICATION NUMBER
Classification number 511.8 GER 1999
100 ## - MAIN ENTRY--PERSONAL NAME
Personal name Gershenfeld, Neil
9 (RLIN) 13160
245 ## - TITLE STATEMENT
Title The Nature of Mathematical Modeling
260 ## - PUBLICATION, DISTRIBUTION, ETC. (IMPRINT)
Place of publication, distribution, etc. Cambridge University Press,
Date of publication, distribution, etc. 1999
300 ## - PHYSICAL DESCRIPTION
Extent xii,344p;
Other physical details Ill:
Dimensions 25cm
504 ## - BIBLIOGRAPHY, ETC. NOTE
Bibliography, etc Bibliography, & index included
650 ## - SUBJECT ADDED ENTRY--TOPICAL TERM
Topical term or geographic name as entry element Mathematical modeling
9 (RLIN) 13161
942 ## - ADDED ENTRY ELEMENTS (KOHA)
Source of classification or shelving scheme Other/Generic Classification Scheme
Koha item type Open Shelf
Holdings
Withdrawn status Lost status Source of classification or shelving scheme Damaged status Not for loan Home library Current library Date acquired Source of acquisition Inventory number Total Checkouts Full call number Barcode Date last seen Date last checked out Koha item type Price effective from
    Dewey Decimal Classification     MUST Main Library MUST Main Library 08/01/2020 Purchase 05/24496 1 511.8 GER 1999 2020-0003 23/02/2021 23/02/2021 Open Shelf  
    Other/Generic Classification Scheme     MUST Main Library MUST Main Library 17/06/2024 Purchase 05/24494   511.8 GER 1999 2024-20680 17/06/2024   Open Shelf 17/06/2024
    Dewey Decimal Classification     MUST Main Library MUST Main Library 18/06/2024 Purchase 06/28231   511.8 GER 1999 2024-20744 18/06/2024   Open Shelf 18/06/2024
    Dewey Decimal Classification     Main Kihumuro Campus Main Kihumuro Campus 31/07/2024 Purchase 04/22896   511.8 GER 1999 2024-22240 31/07/2024   Book 31/07/2024
    Dewey Decimal Classification     Main Kihumuro Campus Main Kihumuro Campus 31/07/2024 Purchase 04/22895   511.8 GER 1999 2024-22241 31/07/2024   Book 31/07/2024
    Dewey Decimal Classification     Main Kihumuro Campus Main Kihumuro Campus 31/07/2024 Purchase 05/24497   511.8 GER 1999 2024-22242 31/07/2024   Book 31/07/2024